Biggest Cities in South America with Exceptions - Statistics

General Stats
  • This quiz has been taken 357 times
  • The average score is 15 of 20
Answer Stats
Population City % Correct
15.80 mil Buenos Aires
100%
9.35 mil Bogotá
98%
9.95 mil Lima
98%
7.05 mil Santiago
97%
3.70 mil Caracas
95%
2.55 mil Quito
94%
1.89 mil La Paz
93%
3.80 mil Medellín
90%
1.83 mil Montevideo
89%
2.20 mil Asunción
85%
2.93 mil Cali
82%
3.00 mil Guayaquil
74%
1.62 mil Córdoba
73%
2.00 mil Barranquilla
66%
1.34 mil Rosario
62%
1.86 mil Santa Cruz
61%
2.48 mil Maracaibo
59%
1.93 mil Valencia
43%
1.25 mil Barquisimeto
26%
1.37 mil Maracay
18%
No matching quizzes found
Score Distribution
Percent of People with Each Score
Percentile by Number Answered
Your Score History
You have not taken this quiz